Flesh and bones of medical microbiology (Record no. 63867)

MARC details
000 -LEADER
fixed length control field 00994nam a2200181 a 4500
008 - FIXED-LENGTH DATA ELEMENTS--GENERAL INFORMATION
fixed length control field 150205s2011 ||||||||||||||||| || u
020 ## - INTERNATIONAL STANDARD BOOK NUMBER
International Standard Book Number 9780723433828
050 ## - LIBRARY OF CONGRESS CALL NUMBER
Classification number QR 46 Guy
100 ## - MAIN ENTRY--PERSONAL NAME
Personal name Guyot, Andrea
245 10 - TITLE STATEMENT
Title Flesh and bones of medical microbiology
Statement of responsibility, etc. By Andrea Guyot, Silke Schelenz [and] Steven Myint
260 ## - PUBLICATION, DISTRIBUTION, ETC.
Place of publication, distribution, etc. Edinburgh
Name of publisher, distributor, etc. Mosby Elsevier
Date of publication, distribution, etc. 2011
300 ## - PHYSICAL DESCRIPTION
Extent 125p.: ill.
350 ## -
-- 35.95
650 ## - SUBJECT ADDED ENTRY--TOPICAL TERM
Topical term or geographic name entry element MICROBIOLIOGY
995 ## -
-- MEDICAL LIBRARY OPEN ACCESS
-- 902619
-- CBU-SCHOOL OF MEDICINE LIBRARY (Ndola)
-- 35.95
-- QR 46 Guy
-- 3
-- AVAILABLE
-- Feb 17, 2015
-- 902619
-- Medical Library Open Access Collection
995 ## -
-- MEDICAL LIBRARY OPEN ACCESS
-- 902617
-- CBU-SCHOOL OF MEDICINE LIBRARY (Ndola)
-- 35.95
-- QR 46 Guy
-- 1
-- AVAILABLE
-- Feb 17, 2015
-- 902617
-- Medical Library Open Access Collection
995 ## -
-- MICHAEL CHILUFYA SATA OPEN ACCESS
-- 902618
-- CBU-SCHOOL OF MEDICINE LIBRARY (Ndola)
-- 35.95
-- QR 46 Guy
-- 2
-- AVAILABLE
-- Feb 17, 2015
-- 902618
-- Medical Library Open Access Collection
999 ## -
-- 63867
-- 63867
Holdings
Withdrawn status Lost status Source of classification or shelving scheme Damaged status Not for loan Permanent Location Current Location Shelving location Date acquired Total Checkouts Full call number Barcode Date last seen Copy number Price effective from Koha item type
          CBU-MICHAEL CHILUFYA SATA LIBRARY CBU-MICHAEL CHILUFYA SATA LIBRARY   02/01/2023   QR 46 Guy 902618 02/01/2023 3 02/01/2023 MONOGRAPH
          CBU-SCHOOL OF MEDICINE LIBRARY, NDOLA. CBU-SCHOOL OF MEDICINE LIBRARY, NDOLA.   02/01/2023   QR 46 Guy 902619 02/01/2023 1 02/01/2023 MONOGRAPH
          CBU-SCHOOL OF MEDICINE LIBRARY, NDOLA. CBU-SCHOOL OF MEDICINE LIBRARY, NDOLA.   02/01/2023   QR 46 Guy 902617 02/01/2023 2 02/01/2023 MONOGRAPH